[Event "Autonomico Seniors op 6th"]
[Site "Spain"]
[Date "2007.??.??"]
[Round "8"]
[White "Fernandez Miranda Lopez, Manuel"]
[Black "Alonso, Rodrigo"]
[Result "1/2-1/2"]
[WhiteElo "1820"]
[BlackElo "2180"]
[PlyCount "49"]
[EventDate "2007.??.??"]
[EventType "swiss"]
[EventRounds "9"]
[EventCountry "ESP"]
[SourceTitle "EXT 2010"]
[Source "ChessBase"]
[SourceDate "2010.11.25"]
[SourceVersion "1"]
[SourceVersionDate "2010.11.25"]
[SourceQuality "1"]

1. Nf3 d5 2. c4 c6 3. b3 Nf6 4. Bb2 g6 5. g3 Bg7 6. cxd5 cxd5 7. d4 0-0 8. Bg2 Nc6 9. 0-0 Bf5 10. Nh4 Bd7 11. Nc3 e6 12. Nf3 Rc8 13. e3 Qa5 14. a3 Rfd8 15. Rc1 Be8 16. b4 Qb6 17. Na4 Qa6 18. Re1 Nxd4 19. Nc5 Rxc5 20. bxc5 Nxf3+ 21. Bxf3 Qa5 22. Qb3 Bc6 23. Qb4 Qc7 24. Bxf6 Bxf6 25. Bg2 1/2-1/2

[Event "Autonomico Seniors op"]
[Site "Spain"]
[Date "2004.??.??"]
[Round "2"]
[White "Martinez Asensio, Juan Miguel"]
[Black "Fernandez Miranda Lopez, Manuel"]
[Result "1/2-1/2"]
[WhiteElo "1920"]
[BlackElo "1895"]
[PlyCount "52"]
[EventDate "2004.??.??"]
[EventType "swiss"]
[EventRounds "9"]
[EventCountry "ESP"]
[SourceTitle "EXT 2007"]
[Source "ChessBase"]
[SourceDate "2006.11.23"]
[SourceVersion "1"]
[SourceVersionDate "2006.11.23"]
[SourceQuality "1"]

1. e4 d5 2. exd5 Nf6 3. d4 Bg4 4. Be2 Bxe2 5. Nxe2 Qxd5 6. 0-0 e6 7. Nbc3 Qf5 8. Ng3 Qa5 9. Bf4 Nc6 10. d5 0-0-0 11. Bg5 Be7 12. Bxf6 Bxf6 13. Qg4 Bxc3 14. dxc6 Bf6 15. cxb7+ Kb8 16. c3 h5 17. Qe4 Qd5 18. Qb4 Qxb7 19. Qxb7+ Kxb7 20. Rad1 g6 21. Ne4 Be7 22. f3 Kb6 23. Kf2 Rxd1 24. Rxd1 Rd8 25. Rxd8 Bxd8 26. Ke3 f5 1/2-1/2